000 00252 a2200109 4500
020 _a1558852921
041 _aspa
100 _aMora, Pat
245 _aMy own true name : new and selected poems for young adults, 1984-1999
942 _cBK
999 _c9229
_d9229
999 _d9229